000 01420cam a22003857a 4500
003 CHAP
005 20220329142517.0
008 971013s1997 r 00010 spa d
010 _a84487
011 _a85459
020 _a9706131620
035 _a95992
040 _cCHAP
082 0 _a546
_bH8y 1997
100 0 0 _aHuheey, James E.
_956818
245 1 0 _aQuímica inorgánica
_b: principios de estructura y reactividad
250 _a4 ed.
260 _aMéxico :
_bOxford University,
_c1997.
300 _a1023 p.
_b: ilus., gráfs.
500 _aTrad. de: Inorganic chemistry : principles of structure and reactivity 4 ed. en Inglés de 1993
590 _aBATCH-UPD
_b10
_c20130110
_lUCH01
_h0426
590 _aBATCH-UPD
_b10
_c20130110
_lUCH01
_h2133
590 _aBATCH-UPD
_b10
_c20130410
_lUCH01
_h0101
590 _aBATCH-UPD
_b10
_c20130914
_lUCH01
_h1626
590 _aCONVERSION
_b10
_c20130109
_lUCH01
_h1347
650 1 4 _aQuímica inorgánica.
_993593
700 0 _aKeiter, Ellen A.
_962909
700 0 _aKeiter, Richard L.
_962910
901 _aBK
905 _aAlejandra Carrasco M.
942 _cLIBRO
949 _a546 H8y 1997
_bBC
_cLIBRO
_d33724000852570
_eLIBRO
_gI.c/e
_h101208
_i95992
_si
_t$ 238.50
949 _a546 H8y 1997
_bBC
_cLIBRO
_d33724002074835
_eLIBRO
_fc.2
_gI.c/e
_h110219
_i95992
_so
_t$308.00
949 _a546 H8y 1997
_bBC
_cLIBRO
_d33724002074876
_eLIBRO
_fc.3
_gI.c/e
_h110220
_i95992
_si
_t$308.00
999 _c84487
_d84487